Statistics for Matching Quiz #1 - Animals

Click here to take the quiz!

General Stats

  • This quiz has been taken 14 times
  • The average score is 50 of 125

Answer Stats

QuestionTileSelect% Correct
Birds.No
100%
Birds.No
100%
Birds.No
100%
Birds.No
100%
Birds.No
100%
Birds.Yes
78%
Fish.No
67%
Fish.No
67%
Amphibians.No
67%
Fish.No
67%
Amphibians.No
67%
Reptiles.No
67%
Reptiles.No
67%
Amphibians.No
67%
Fish.No
67%
Reptiles.No
67%
Fish.No
67%
Amphibians.No
67%
Amphibians.No
67%
Birds.Yes
67%
Reptiles.No
67%
Reptiles.No
67%
Fish.Yes
56%
Mammals.No
56%
Mammals.No
56%
Reptiles.Yes
56%
Mammals.No
56%
Fish.Yes
56%
Birds.No
56%
Birds.No
56%
Mammals.No
56%
Birds.No
44%
Reptiles.No
44%
Reptiles.No
44%
Mammals.Yes
44%
Birds.No
44%
Birds.No
44%
Birds.No
44%
Amphibians.No
44%
Reptiles.No
44%
Amphibians.Yes
44%
Amphibians.Yes
44%
Birds.No
44%
Mammals.Yes
44%
Birds.No
44%
Birds.No
44%
Birds.No
44%
Amphibians.No
44%
Reptiles.No
44%
Reptiles.No
44%
Amphibians.No
44%
Birds.No
44%
Mammals.No
44%
Reptiles.No
33%
Reptiles.No
33%
Reptiles.No
33%
Reptiles.No
33%
Reptiles.No
33%
Birds.No
33%
Reptiles.No
33%
Amphibians.No
33%
Amphibians.No
33%
Amphibians.No
33%
Amphibians.No
33%
Amphibians.No
33%
Amphibians.No
33%
Amphibians.No
33%
Amphibians.No
33%
Amphibians.No
33%
Reptiles.No
33%
Amphibians.No
33%
Amphibians.No
33%
Amphibians.No
33%
Amphibians.No
33%
Amphibians.No
33%
Reptiles.No
33%
Reptiles.No
33%
Reptiles.Yes
33%
Amphibians.No
33%
Reptiles.No
33%
Birds.No
33%
Fish.No
33%
Birds.No
33%
Reptiles.No
33%
Birds.No
33%
Reptiles.No
33%
Reptiles.No
33%
Birds.No
33%
Fish.No
22%
Fish.No
22%
Fish.No
22%
Fish.No
22%
Fish.No
22%
Fish.No
22%
Fish.No
22%
Fish.No
22%
Fish.No
22%
Fish.No
22%
Fish.No
22%
Fish.No
22%
Fish.No
22%
Birds.No
22%
Fish.No
22%
Fish.No
22%
Fish.No
22%
Fish.No
22%
Mammals.No
22%
Mammals.No
22%
Mammals.No
22%
Mammals.No
22%
Mammals.No
22%
Mammals.No
22%
Birds.No
22%
Mammals.No
22%
Mammals.No
22%
Mammals.No
22%
Mammals.No
22%
Mammals.No
22%
Mammals.No
22%
Mammals.No
11%
Mammals.No
11%
Mammals.No
11%
Mammals.No
11%
Mammals.No
11%
Mammals.No
11%

Score Distribution

Percentile by Number Answered

Percent of People with Each Score

Your Score History

You have not taken this quiz